The linguistic landscape of the Mediterranean French and Italian coastal cities

Αποθηκεύτηκε σε:
Λεπτομέρειες βιβλιογραφικής εγγραφής
Κύριος συγγραφέας: Tufi, Stefania, 1963-
Άλλοι συγγραφείς: Blackwood, Robert J.
Μορφή: Βιβλίο
Γλώσσα:English
Δημοσίευση: New York : Palgrave Macmillan, 2015.
Σειρά:Language and globalization
Θέματα:
Διαθέσιμο Online:https://ebookcentral.proquest.com/lib/aegeangr/detail.action?docID=4008368&query=the+linguistic+landscape
Ετικέτες: Προσθήκη ετικέτας
Δεν υπάρχουν, Καταχωρήστε ετικέτα πρώτοι!

MARC

LEADER 00000cam a2200000 a 4500
001 1/122816
008 210324s2015####nyu|||||||||||||| ||eng||
020 |a 9781137314567  |q (e-book)  
040 |a GR-MyUa  |b gre  |c GR-MyUa  |e AACR2 
041 0 |a eng 
082 7 |a 306.440944   |2 (23) 
100 1 |a Tufi, Stefania, 1963- 
245 1 4 |a The linguistic landscape of the Mediterranean   |h [ηλεκτρονικό βιβλίο] :   |b French and Italian coastal cities /   |c Stefania Tufi and Robert J. Blackwood.  
260 |a New York :   |b Palgrave Macmillan,   |c 2015.  
300 |a 1 ηλεκτρονική πηγή.  
490 1 |a (Language and globalization)  
504 |a Περιλαμβάνει βιβλιογραφικές παραπομπές και ευρετήριο.  
506 1 |a Διάθεση πλήρους κειμένου περιορισμένης πρόσβασης (μόνο από μέλη του Παν. Αιγαίου).  
506 1 |a Η απομακρυσμένη πρόσβαση είναι εφικτή μέσω VPN.  
588 |a Η καταλογογράφηση βασίστηκε στη σελίδα τίτλου του ηλεκτρονικού τεκμηρίου.  
650 0 |a Globalization. 
700 1 |a Blackwood, Robert J. 
830 0 |a Language and globalization 
856 |u https://ebookcentral.proquest.com/lib/aegeangr/detail.action?docID=4008368&query=the+linguistic+landscape 
970 |a Καμάτσου  |b Δέσποινα  |z 24-03-2021